[Event "Titled Tue 17th Jun Late"]
[Site "chess.com INT"]
[Date "2025.06.17"]
[Round "11"]
[White "Szpar, Milosz"]
[Black "Holinka, Henning"]
[Result "1-0"]
[WhiteTitle "IM"]
[BlackTitle "FM"]
[WhiteElo "2495"]
[BlackElo "2303"]
[WhiteFideId "1184989"]
[BlackFideId "12967084"]
[EventDate "2025.06.17"]

1. e4 c5 2. Nf3 e6 3. d4 cxd4 4. Nxd4 a6 5. Bd3 Bc5 6. Nb3 Ba7 7. Qg4 Nf6 8. Qg3
Nc6 9. Nc3 d6 10. Bg5 h6 11. Bd2 Ne5 12. Be2 b5 13. f4 Nc4 14. O-O-O Nxd2 15.
Rxd2 b4 16. Nd1 Nxe4 17. Qxg7 Ke7 18. Rd3 Qg8 19. Qxg8 Rxg8 20. Bf3 Bb7 21. Re1
f5 22. Nd4 Kf6 23. Ne3 Rac8 24. g4 Ba8 25. gxf5 Bxd4 26. Rxd4 exf5 27. Bxe4 Bxe4
28. Rxd6+ Kf7 29. Rxa6 Rg6 30. Ra7+ Kf8 31. Rd1 h5 32. Rdd7 h4 33. Rh7 Kg8 34.
Rxh4 Rg1+ 35. Kd2 Rb1 36. Rhh7 Rxb2 37. Rag7+ Kf8 38. Rd7 Kg8 39. Rdg7+ Kf8 40.
Ra7 Kg8 41. h4 Rxa2 42. Rxa2 Kxh7 43. Ra6 Rd8+ 44. Kc1 Rd4 45. Rf6 Kg7 46. Rxf5
Rd7 47. Rg5+ Kf6 48. Ng4+ Ke6 49. Re5+ Kd6 50. Rxe4 Rg7 51. f5 Kd5 52. Nf6+ Kc5
53. Rg4 Rf7 54. Ne4+ Kd5 55. Ng3 Rc7 56. Rxb4 Rc3 57. Rg4 Rf3 58. h5 Ke5 59. h6
Rf2 60. Rh4 1-0

[Event "Titled Tue 17th Jun Late"]
[Site "chess.com INT"]
[Date "2025.06.17"]
[Round "11"]
[White "Sindarov, Islombek"]
[Black "Krishnakumar, Sriram"]
[Result "1-0"]
[WhiteTitle "CM"]
[BlackTitle "FM"]
[WhiteElo "2129"]
[BlackElo "2197"]
[WhiteFideId "14205475"]
[BlackFideId "30915856"]
[EventDate "2025.06.17"]

1. Nf3 d5 2. g3 c6 3. Bg2 Nf6 4. O-O Bg4 5. d3 Nbd7 6. Nbd2 e5 7. b3 Bd6 8. Bb2
O-O 9. e4 Qc7 10. Qe2 Rfe8 11. h3 Bh5 12. Rad1 Rad8 13. Rfe1 a5 14. Nf1 b5 15.
g4 Bg6 16. Ng3 a4 17. Nh4 Bf8 18. g5 dxe4 19. dxe4 Bb4 20. c3 Be7 21. gxf6 Bxf6
22. Nhf5 axb3 23. axb3 Nc5 24. c4 Nxb3 25. cxb5 cxb5 26. Qxb5 Rb8 27. Qe2 Nc5
28. Ba3 Bg5 29. Qg4 f6 30. Rd5 Ne6 31. Bd6 Qc3 32. Red1 Rb2 33. h4 Bf4 34. h5
Bxf5 35. Nxf5 Qc2 36. Bc5 Rb1 37. Rxb1 Qxb1+ 38. Rd1 Qb7 39. Nd6 Qc6 40. Nxe8
Qxe8 41. Qxe6+ Qxe6 42. Rd8+ 1-0

[Event "Titled Tue 17th Jun Late"]
[Site "chess.com INT"]
[Date "2025.06.17"]
[Round "11"]
[White "Krawczyk, Flawian"]
[Black "Khlebovich, Alexander"]
[Result "0-1"]
[WhiteTitle "CM"]
[BlackTitle "IM"]
[WhiteElo "2247"]
[BlackElo "2423"]
[WhiteFideId "21881413"]
[BlackFideId "4169123"]
[EventDate "2025.06.17"]

1. e4 c5 2. Nf3 d6 3. d4 cxd4 4. Nxd4 Nf6 5. Nc3 a6 6. h3 e6 7. g4 d5 8. exd5
Nxd5 9. Nde2 Bb4 10. Bg2 Nxc3 11. Qxd8+ Kxd8 12. Nxc3 Bxc3+ 13. bxc3 Nc6 14.
Bxc6 bxc6 15. Ba3 Kc7 16. Ke2 Rd8 17. Rhd1 Bb7 18. Bc5 Rd5 19. Be3 a5 20. Rab1
Ba6+ 21. Kf3 Bb5 22. Rd4 f6 23. Rbd1 Rad8 24. a3 e5 25. R4d2 Bc4 26. h4 Rb8 27.
Rxd5 cxd5 28. Rd2 Rb1 29. Bc5 Kd7 30. Bf8 g6 31. Bc5 Ke6 32. Kg2 h5 33. gxh5
gxh5 34. f4 e4 35. f5+ Kxf5 36. Rf2+ Ke6 37. Bd4 f5 38. Kg3 Rg1+ 39. Kf4 Rg4+
40. Ke3 Rxh4 41. Rg2 f4+ 42. Kd2 Rg4 43. Rh2 h4 0-1

[Event "Titled Tue 17th Jun Late"]
[Site "chess.com INT"]
[Date "2025.06.17"]
[Round "11"]
[White "Mayaud, Raphael"]
[Black "Mai, Alexander Oliver"]
[Result "0-1"]
[WhiteTitle "CM"]
[BlackTitle "CM"]
[WhiteElo "2126"]
[BlackElo "2171"]
[WhiteFideId "627151"]
[BlackFideId "2313391"]
[EventDate "2025.06.17"]

1. c4 c5 2. Nf3 Nf6 3. g3 g6 4. Bg2 Bg7 5. O-O O-O 6. d4 cxd4 7. Nxd4 Nc6 8. Nc3
Nxd4 9. Qxd4 d6 10. Qd2 Be6 11. b3 d5 12. cxd5 Nxd5 13. Bxd5 Bxd5 14. Bb2 Bc6
15. Rfd1 Qa5 16. Qe3 Qh5 17. f3 Bh6 18. Qxe7 Rfe8 19. Qf6 Re6 20. Qh4 Qc5+ 21.
Kf1 Be3 22. Qc4 Qh5 23. Qh4 Bxf3 24. Qxh5 Bxh5 25. Nd5 Bxe2+ 26. Kxe2 Bd4+ 27.
Kf3 Bxb2 28. Rab1 Be5 29. Rbc1 Kg7 30. Kg2 Rd8 31. Ne3 Rxd1 32. Rxd1 Rd6 33.
Rxd6 Bxd6 34. Nc4 Bc7 35. Kf3 f5 36. Ke3 Kf6 37. Kd4 h5 38. Kd5 g5 39. Ne3 f4
40. gxf4 Bxf4 41. Ng2 Bxh2 42. Ke4 0-1

[Event "Titled Tue 17th Jun Late"]
[Site "chess.com INT"]
[Date "2025.06.17"]
[Round "11"]
[White "Schnaider, Ilan"]
[Black "Liu, Xiangyi"]
[Result "1-0"]
[WhiteTitle "IM"]
[BlackTitle "IM"]
[WhiteElo "2388"]
[BlackElo "2370"]
[WhiteFideId "169013"]
[BlackFideId "8605718"]
[EventDate "2025.06.17"]

1. e4 e5 2. Nf3 Nc6 3. Nc3 Nf6 4. h3 Be7 5. Bc4 O-O 6. d3 h6 7. O-O a6 8. a3 d6
9. Be3 Be6 10. Nd5 Na5 11. Ba2 c5 12. b4 Nc6 13. Nxf6+ Bxf6 14. Bxe6 fxe6 15.
bxc5 d5 16. c3 Rf7 17. Qc2 Rc8 18. Rab1 Qa5 19. Nd2 d4 20. cxd4 exd4 21. Bf4 Be7
22. Rxb7 Rxf4 23. Qa2 Rf6 24. e5 Rg6 25. Ne4 Rc7 26. Rfb1 Nxe5 27. Qe2 Kh7 28.
h4 Bxh4 29. Qh5 Rxb7 30. Rxb7 Qe1+ 31. Kh2 Ng4+ 32. Qxg4 Rxg4 33. c6 Bxf2 34.
Nf6+ Kg6 35. Nxg4 Qh1+ 36. Kxh1 1-0

[Event "Titled Tue 17th Jun Late"]
[Site "chess.com INT"]
[Date "2025.06.17"]
[Round "11"]
[White "Perez Rojas, Jorge"]
[Black "Kochetkov, German"]
[Result "1-0"]
[WhiteTitle "FM"]
[BlackTitle "IM"]
[WhiteElo "2100"]
[BlackElo "2277"]
[WhiteFideId "3452093"]
[BlackFideId "13500635"]
[EventDate "2025.06.17"]

1. e4 e5 2. Nc3 Nf6 3. Bc4 Nc6 4. d3 Bb4 5. Ne2 O-O 6. O-O Na5 7. a3 Bxc3 8.
Nxc3 Nxc4 9. dxc4 h6 10. Qd3 d6 11. h3 Be6 12. a4 g5 13. b3 Nh7 14. h4 f6 15.
Be3 Rf7 16. hxg5 fxg5 17. c5 dxc5 18. Bxc5 Qf6 19. Rad1 b6 20. Be3 Qg6 21. Nd5
c6 22. Nb4 c5 23. Nd5 h5 24. f3 Raf8 25. Nc3 g4 26. fxg4 hxg4 27. Rxf7 Rxf7 28.
Rf1 g3 29. Qd8+ Kg7 30. Rxf7+ Bxf7 31. Qh4 Nf6 32. Bg5 Nh5 33. Ne2 Qd6 34. Nxg3
Qd1+ 35. Kh2 Bg6 36. Nf5+ 1-0

[Event "Titled Tue 17th Jun Late"]
[Site "chess.com INT"]
[Date "2025.06.17"]
[Round "11"]
[White "Schmider, Niklas"]
[Black "Hartge, Gedeon"]
[Result "1-0"]
[WhiteTitle "IM"]
[BlackTitle "FM"]
[WhiteElo "2421"]
[BlackElo "2328"]
[WhiteFideId "12993778"]
[BlackFideId "12932116"]
[EventDate "2025.06.17"]

1. e4 Nf6 2. e5 Nd5 3. d4 d6 4. c4 Nb6 5. f4 dxe5 6. fxe5 c5 7. d5 g6 8. Be2 Bg7
9. Nf3 O-O 10. Bf4 Bg4 11. Nbd2 N8d7 12. Bg3 f6 13. e6 Ne5 14. O-O Bxf3 15. gxf3
g5 16. f4 gxf4 17. Bxf4 Ng6 18. Be3 f5 19. Qc2 f4 20. Bxc5 Rc8 21. b4 Nxd5 22.
cxd5 b6 23. Bf3 bxc5 24. bxc5 Bd4+ 25. Kh1 Rxc5 26. Qe4 Bxa1 27. Rxa1 Qc7 28.
Rg1 Rc1 29. Bd1 Rf6 30. Qa4 Qc5 31. Qd7 Qd6 32. Ne4 Kg7 33. Nxd6 1-0

[Event "Titled Tue 17th Jun Late"]
[Site "chess.com INT"]
[Date "2025.06.17"]
[Round "11"]
[White "Yang, Daniel"]
[Black "Ferreira, Vitor Hugo Vieira"]
[Result "0-1"]
[WhiteTitle "CM"]
[WhiteElo "2198"]
[BlackElo "2128"]
[WhiteFideId "30976340"]
[BlackFideId "2119765"]
[EventDate "2025.06.17"]

1. d4 Nf6 2. c4 g6 3. Nc3 Bg7 4. e4 O-O 5. Nf3 d6 6. Be2 e5 7. O-O Bg4 8. dxe5
Bxf3 9. exf6 Bxe2 10. fxg7 Bxd1 11. gxf8=Q+ Qxf8 12. Rxd1 Nd7 13. Bf4 Nb6 14. b3
Qg7 15. Rac1 a6 16. Be3 Nd7 17. Bd4 Qh6 18. Be3 Qh5 19. Rd5 Ne5 20. f4 c6 21.
fxe5 cxd5 22. Nxd5 Qxe5 23. Bf4 Qb2 24. Rf1 Qxa2 25. Bxd6 Qxb3 26. Ne7+ Kg7 27.
Be5+ Kf8 28. Bd6 Ke8 29. Nd5 Rd8 30. c5 Rxd6 31. cxd6 f5 32. Nf6+ Kd8 33. exf5
Qb6+ 34. Kh1 Qxd6 35. Nxh7 gxf5 36. Ng5 Qd3 37. Re1 Qd2 38. Nf3 Qd3 39. h3 Kc7
40. Rc1+ Kb8 41. h4 a5 42. h5 Qe3 43. Re1 Qh6 44. Re5 Qxh5+ 45. Kg1 a4 46. Ra5
Qe8 47. Rxf5 Qe3+ 48. Kh2 a3 49. Ra5 Qf4+ 50. Kg1 Qc1+ 51. Kh2 Qb2 52. Ne5 a2
53. Nc4 Qh8+ 54. Kg1 a1=Q+ 0-1

[Event "Titled Tue 17th Jun Late"]
[Site "chess.com INT"]
[Date "2025.06.17"]
[Round "11"]
[White "Yanev, Tihomir"]
[Black "Cernov, Henrik"]
[Result "0-1"]
[WhiteTitle "IM"]
[BlackTitle "FM"]
[WhiteElo "2354"]
[BlackElo "2325"]
[WhiteFideId "2910110"]
[BlackFideId "16258312"]
[EventDate "2025.06.17"]

1. d4 Nf6 2. Nf3 e6 3. g3 g6 4. Bg2 Bg7 5. O-O O-O 6. c4 d6 7. Nc3 Nc6 8. e4 e5
9. d5 Nb8 10. h3 a5 11. Be3 Na6 12. Nd2 b6 13. b3 Ne8 14. Rc1 f5 15. exf5 gxf5
16. f4 Qf6 17. Nb5 Qg6 18. Kh2 Bd7 19. a3 Bxb5 20. cxb5 Nc5 21. Qe2 e4 22. Rc2
Nf6 23. b4 axb4 24. axb4 Nd3 25. Rxc7 Nxd5 26. Rc6 Nc3 27. Qf2 Nxb5 28. Nc4 Nc3
29. Rxd6 Qf7 30. Nxb6 Ra2 31. Qg1 Ne2 32. Qh1 Bf6 33. Rxd3 Qg6 34. g4 fxg4 35.
Bc5 g3+ 0-1

[Event "Titled Tue 17th Jun Late"]
[Site "chess.com INT"]
[Date "2025.06.17"]
[Round "11"]
[White "Oro, Faustino"]
[Black "Caruana, Fabiano"]
[Result "0-1"]
[WhiteTitle "IM"]
[BlackTitle "GM"]
[WhiteElo "2465"]
[BlackElo "2777"]
[WhiteFideId "20000197"]
[BlackFideId "2020009"]
[EventDate "2025.06.17"]

1. e4 c5 2. Nf3 Nc6 3. Bb5 e6 4. O-O Nge7 5. Re1 Ng6 6. c3 Be7 7. d4 cxd4 8.
cxd4 d5 9. e5 Bd7 10. Nc3 O-O 11. Bd3 Be8 12. a3 h6 13. Qc2 Rc8 14. Be3 f5 15.
b4 a6 16. Rac1 Bg5 17. Qb3 f4 18. Bd2 Nh4 19. Qd1 Bh5 20. Be2 Nxf3+ 21. Bxf3
Bxf3 22. Qxf3 Nxd4 23. Qd3 Nb3 24. Rcd1 Nxd2 25. Rxd2 f3 26. Rdd1 fxg2 27. Ne2
Rc4 28. Nd4 Qb6 29. Re2 Rf4 30. Nf3 Be7 31. h3 Bf8 32. Kxg2 Qc6 33. Qg6 d4 34.
Qg3 Rf5 35. h4 Rc3 0-1

[Event "Titled Tue 17th Jun Late"]
[Site "chess.com INT"]
[Date "2025.06.17"]
[Round "11"]
[White "Gustafsson, Jan"]
[Black "Bryakin, Mikhail"]
[Result "1/2-1/2"]
[WhiteTitle "GM"]
[BlackTitle "GM"]
[WhiteElo "2591"]
[BlackElo "2462"]
[WhiteFideId "4625498"]
[BlackFideId "4165314"]
[EventDate "2025.06.17"]

1. Nf3 c5 2. b3 Nc6 3. Bb2 d6 4. d4 cxd4 5. Nxd4 Nxd4 6. Qxd4 Nf6 7. g3 g6 8.
Bg2 Bg7 9. c4 O-O 10. O-O Qc7 11. Nc3 Bd7 12. Nd5 Qd8 13. Rfd1 Bc6 14. Nxf6+
Bxf6 15. Qd2 Bxb2 16. Qxb2 Bxg2 17. Kxg2 Qc7 18. Rd5 Qc6 19. Kg1 Rab8 20. a4 a6
21. a5 b5 22. axb6 Rxb6 23. Qc3 Rfb8 24. Ra3 Rb5 25. Rd3 Re5 26. Qd2 h5 27. h4
Qb6 28. Rd5 Rxd5 29. Qxd5 Qb4 30. Rxa6 Qxb3 31. Ra8 Rxa8 32. Qxa8+ Kg7 33. Qe4
Kf8 34. Qa8+ Kg7 35. Qe4 Qd1+ 36. Kg2 e6 37. e3 Qd2 38. Qc6 Qc3 39. Qxd6 Qxc4
40. Qd1 Qe4+ 41. Qf3 Qe5 42. Qb7 Kf6 43. Qf3+ Qf5 44. Qe2 Qe4+ 45. Kh2 Kf5 46.
f3 Qb1 47. Kg2 e5 48. e4+ Kf6 49. Qa6+ Kg7 50. Qe2 Qc1 51. Qa2 Qe3 52. Qc2 g5
53. Qb2 f6 54. hxg5 Qxg5 55. Qb7+ Kh6 56. Qc8 Qg7 57. Kh3 Qg5 58. Qh8+ Kg6 59.
Qg8+ Kh6 60. Qh8+ Kg6 61. Qg8+ Kh6 62. Qf7 Qg6 63. Qxg6+ Kxg6 64. Kh4 Kh6 65. g4
hxg4 66. Kxg4 Kg6 67. f4 exf4 68. Kxf4 f5 69. e5 Kf7 70. Kxf5 Ke7 71. e6 Ke8 72.
Ke5 Ke7 73. Kf5 Ke8 74. Kf6 Kf8 75. Ke5 Ke7 76. Kd5 Ke8 77. Kd6 Kd8 78. e7+ Ke8
79. Kc6 Kxe7 1/2-1/2

[Event "Titled Tue 17th Jun Late"]
[Site "chess.com INT"]
[Date "2025.06.17"]
[Round "11"]
[White "Pakleza, Zbigniew"]
[Black "Shukhman, Anna"]
[Result "1-0"]
[WhiteTitle "GM"]
[BlackTitle "WGM"]
[WhiteElo "2484"]
[BlackElo "2413"]
[WhiteFideId "1119290"]
[BlackFideId "54180058"]
[EventDate "2025.06.17"]

1. d4 d5 2. Nf3 Nf6 3. Bf4 Bf5 4. e3 e6 5. Nbd2 c5 6. c3 Qb6 7. Qb3 c4 8. Qxb6
axb6 9. a3 b5 10. Rc1 Nc6 11. Nh4 Bg4 12. h3 Bh5 13. g4 Bg6 14. Nxg6 hxg6 15.
Bg2 Be7 16. O-O Kd7 17. Rfe1 Bd6 18. Bxd6 Kxd6 19. g5 Nh5 20. h4 f5 21. Bf3 Ne7
22. Rb1 Kc6 23. b3 Kc7 24. a4 cxb3 25. axb5 Nc8 26. c4 Nb6 27. cxd5 exd5 28.
Nxb3 Kd6 29. Nc5 Ra7 30. Nd3 Nd7 31. Rec1 Rha8 32. b6 Ra6 33. Rc7 f4 34. Rxb7
fxe3 35. Rxd7+ Kxd7 36. Nc5+ Kc6 37. Nxa6 exf2+ 38. Kxf2 1-0

[Event "Titled Tue 17th Jun Late"]
[Site "chess.com INT"]
[Date "2025.06.17"]
[Round "11"]
[White "Guliev, Gasan"]
[Black "Jovic, Stanoje"]
[Result "0-1"]
[WhiteTitle "CM"]
[BlackTitle "FM"]
[WhiteElo "2123"]
[BlackElo "2096"]
[WhiteFideId "34165638"]
[BlackFideId "905020"]
[EventDate "2025.06.17"]

1. d4 Nf6 2. Bg5 c5 3. Bxf6 gxf6 4. Nf3 Qb6 5. b3 Nc6 6. dxc5 Qxc5 7. e3 Rg8 8.
c3 d5 9. Qd2 e5 10. a4 Be6 11. Na3 a6 12. Nc2 Rc8 13. b4 Qe7 14. b5 Na5 15. Rb1
Nc4 16. Bxc4 Rxc4 17. bxa6 bxa6 18. Rb8+ Rc8 19. Rxc8+ Bxc8 20. Qxd5 Bb7 21. Qb3
Rxg2 22. Nh4 Rg5 23. Rf1 Qd7 24. e4 Bxe4 25. Ne3 Bc5 26. Qc4 Bxe3 27. fxe3 Bd3
28. Qb4 Bxf1 29. Qb8+ Qd8 30. Qxd8+ Kxd8 31. Kxf1 Rg4 32. Nf5 Rxa4 33. Nd6 Ke7
34. Nc8+ Ke6 35. Nb6 Ra1+ 36. Ke2 a5 37. Kd2 a4 38. Kc2 a3 39. Kb3 Rb1+ 0-1

[Event "Titled Tue 17th Jun Late"]
[Site "chess.com INT"]
[Date "2025.06.17"]
[Round "11"]
[White "Lin, Bryan Enming"]
[Black "Galchenko, Matvey"]
[Result "0-1"]
[WhiteTitle "FM"]
[BlackTitle "IM"]
[WhiteElo "2343"]
[BlackElo "2435"]
[WhiteFideId "30987121"]
[BlackFideId "24175480"]
[EventDate "2025.06.17"]

1. e4 e6 2. d4 d5 3. Nd2 a6 4. Bd3 c5 5. dxc5 Nf6 6. Qe2 Bxc5 7. Ngf3 Nc6 8. c3
Qc7 9. O-O O-O 10. e5 Ng4 11. Nb3 Be7 12. Re1 f6 13. exf6 Bxf6 14. h3 Nge5 15.
Nxe5 Bxe5 16. Be3 Qf7 17. Nd4 Bd6 18. Nf3 h6 19. Bd4 Qf4 20. Bc2 e5 21. Be3 Qf6
22. Rad1 Be6 23. Bb3 Ne7 24. Bc1 e4 25. Nd4 Qe5 26. f4 Rxf4 27. Bxf4 Qxf4 28.
Nxe6 Qh2+ 29. Kf2 Nf5 30. Qg4 Bg3+ 31. Ke2 Qxg2# 0-1

[Event "Titled Tue 17th Jun Late"]
[Site "chess.com INT"]
[Date "2025.06.17"]
[Round "11"]
[White "Powell, Paul"]
[Black "Kharitonov, Sergei"]
[Result "1-0"]
[WhiteTitle "CM"]
[BlackTitle "CM"]
[WhiteElo "2270"]
[BlackElo "2014"]
[WhiteFideId "2005840"]
[BlackFideId "4129750"]
[EventDate "2025.06.17"]

1. d4 d5 2. Nf3 Nf6 3. Bf4 c5 4. e3 Nc6 5. c3 Qb6 6. b3 Bg4 7. Be2 e6 8. h3 Bh5
9. O-O a5 10. Nbd2 Be7 11. a4 O-O 12. g4 Bg6 13. Ne5 Nxe5 14. Bxe5 Nd7 15. Bg3
cxd4 16. cxd4 Rac8 17. Rc1 Ba3 18. Rxc8 Rxc8 19. Bb5 Nf6 20. Bh4 Ne8 21. Nf3 f6
22. Qa1 Bb4 23. Rc1 Qd8 24. g5 Be4 25. gxf6 gxf6 26. Ne5 Rxc1+ 27. Qxc1 Qe7 28.
Kh2 Nd6 29. Ng4 Nxb5 30. Nxf6+ Kf7 31. axb5 Qd6+ 32. Bg3 Qd8 33. Ng4 Bd6 34.
Bxd6 Qxd6+ 35. Ne5+ Kf6 36. Qc8 Qe7 37. Qh8+ 1-0

[Event "Titled Tue 17th Jun Late"]
[Site "chess.com INT"]
[Date "2025.06.17"]
[Round "11"]
[White "Jakubowski, Krzysztof"]
[Black "Al-Tarboush, Ward"]
[Result "0-1"]
[WhiteTitle "GM"]
[BlackTitle "FM"]
[WhiteElo "2448"]
[BlackElo "2223"]
[WhiteFideId "1112848"]
[BlackFideId "7601450"]
[EventDate "2025.06.17"]

1. e4 e6 2. d4 d5 3. Nc3 Nf6 4. e5 Nfd7 5. Nce2 c5 6. c3 Nc6 7. a3 f6 8. f4 fxe5
9. dxe5 Be7 10. Nf3 O-O 11. g3 b6 12. Be3 Ba6 13. Bh3 Kf7 14. O-O g6 15. b3 Re8
16. c4 d4 17. Ng5+ Bxg5 18. fxg5+ Kg8 19. Bf4 Ndxe5 20. Bg2 Rc8 21. Nc1 Nf7 22.
Be4 e5 23. Bd2 Bb7 24. Qg4 Na5 25. Rxf7 Kxf7 26. Bxb7 Nxb7 27. Qf3+ Kg8 28. Qxb7
e4 29. Qd5+ Qxd5 30. cxd5 c4 31. bxc4 Rxc4 32. Bf4 e3 33. d6 Kf7 34. Nd3 Ke6 35.
Kg2 Rc3 36. Nb4 a5 37. Na6 Kd7 38. Kf1 d3 39. Rb1 d2 40. Nb8+ Rxb8 41. Rd1 Re8
42. Ke2 Rc1 43. h4 b5 44. h5 b4 45. axb4 axb4 0-1

[Event "Titled Tue 17th Jun Late"]
[Site "chess.com INT"]
[Date "2025.06.17"]
[Round "11"]
[White "Todorovic, Bojan"]
[Black "Yevchenko, Oleksandr"]
[Result "1-0"]
[WhiteTitle "FM"]
[BlackTitle "CM"]
[WhiteElo "2111"]
[BlackElo "2276"]
[WhiteFideId "917087"]
[BlackFideId "14108267"]
[EventDate "2025.06.17"]

1. d4 Nf6 2. c4 e6 3. Nc3 Bb4 4. e3 d5 5. Nf3 O-O 6. Bd2 Bxc3 7. Bxc3 Ne4 8. Bb4
Re8 9. Qc2 Na6 10. Ba3 c5 11. O-O-O Nb4 12. Bxb4 cxb4 13. c5 Bd7 14. Bd3 f5 15.
Ne5 Rc8 16. f3 Nf6 17. g4 b6 18. c6 Bxc6 19. Nxc6 Qd6 20. Kb1 Rxc6 21. Qa4 Rc7
22. g5 Nd7 23. f4 Rec8 24. h4 a5 25. h5 Nf8 26. Rc1 Rxc1+ 27. Rxc1 Rxc1+ 28.
Kxc1 Qc7+ 29. Kd2 Nd7 30. Qb5 Nb8 31. Bc2 Nc6 32. Ba4 Ne7 33. Qe8# 1-0

[Event "Titled Tue 17th Jun Late"]
[Site "chess.com INT"]
[Date "2025.06.17"]
[Round "11"]
[White "Janaszak, Dawid"]
[Black "Bardyk, Artem"]
[Result "1-0"]
[WhiteTitle "FM"]
[BlackTitle "FM"]
[WhiteElo "2306"]
[BlackElo "2260"]
[WhiteFideId "1119206"]
[BlackFideId "34349979"]
[EventDate "2025.06.17"]

1. f4 d5 2. Nf3 Nc6 3. b3 Bg4 4. Bb2 Bxf3 5. exf3 e6 6. g3 h5 7. h4 Nh6 8. Kf2
Nf5 9. Kg2 Rh6 10. Bd3 Nce7 11. Rh3 Qd7 12. Nc3 O-O-O 13. Nb5 a6 14. Nd4 Nxd4
15. Bxd4 Nf5 16. Bf2 Bd6 17. Qe2 Rg6 18. Kh1 Re8 19. Qf1 e5 20. Re1 Rh6 21. fxe5
Rxe5 22. Rxe5 Bxe5 23. g4 hxg4 24. fxg4 Nd6 25. g5 Rh8 26. Qg2 Ne4 27. Be3 f5
28. gxf6 gxf6 29. h5 f5 30. h6 f4 31. Bf2 Qxh3+ 32. Qxh3+ Kb8 33. Bg1 Ng5 34.
Qh5 1-0

[Event "Titled Tue 17th Jun Late"]
[Site "chess.com INT"]
[Date "2025.06.17"]
[Round "11"]
[White "Mansurova, Mumtozbegim"]
[Black "Willim, Michael"]
[Result "0-1"]
[WhiteTitle "WCM"]
[BlackTitle "CM"]
[WhiteElo "1800"]
[BlackElo "2024"]
[WhiteFideId "14215780"]
[BlackFideId "4632435"]
[EventDate "2025.06.17"]

1. d4 d5 2. Nc3 Nf6 3. Bf4 e6 4. Nb5 Na6 5. e3 Be7 6. Nf3 O-O 7. Bd3 c6 8. Nc3
c5 9. Bxa6 bxa6 10. Ne5 Bd7 11. O-O cxd4 12. exd4 Qb6 13. b3 Rac8 14. Ne2 Bb5
15. Re1 Bb4 16. c3 Bxe2 17. Rxe2 Bxc3 18. Rc1 Bxd4 19. h3 Rxc1 20. Qxc1 Qc5 21.
Qxc5 Bxc5 22. Rc2 Bb6 23. Kf1 h6 24. Rc6 Rd8 25. a4 Nd7 26. Nxd7 Rxd7 27. b4 Rb7
28. a5 Bd4 29. Bd2 g5 30. Rxa6 Kg7 31. Ke2 Kg6 32. Rc6 Kf5 33. f3 Bb2 34. Kd3 e5
35. Rc5 Ke6 36. b5 f5 37. Rc6+ Kd7 38. Rxh6 Rxb5 39. Rh7+ Kc6 40. Rxa7 e4+ 41.
fxe4 fxe4+ 42. Ke2 Bd4 43. Bxg5 Bxa7 0-1

[Event "Titled Tue 17th Jun Late"]
[Site "chess.com INT"]
[Date "2025.06.17"]
[Round "11"]
[White "Shandrygin, Nikita"]
[Black "Kosakowski, Jakub"]
[Result "0-1"]
[WhiteTitle "FM"]
[BlackTitle "GM"]
[WhiteElo "2209"]
[BlackElo "2548"]
[WhiteFideId "24198668"]
[BlackFideId "1185080"]
[EventDate "2025.06.17"]

1. e4 c6 2. d4 d5 3. f3 e6 4. Nc3 Bb4 5. Bf4 Ne7 6. a3 Bxc3+ 7. bxc3 b6 8. h4
Ba6 9. h5 Bxf1 10. Kxf1 h6 11. Rh3 Na6 12. Rg3 Rg8 13. Nh3 Qd7 14. Qe2 Nc7 15.
a4 Kf8 16. Nf2 c5 17. Qe3 Rh8 18. Ng4 cxd4 19. cxd4 Rc8 20. Be5 Ne8 21. Nxh6 f6
22. Ng4 fxe5 23. Nxe5 Qc7 24. Qf4+ Nf6 25. Rxg7 Kxg7 26. Qg5+ Kh7 27. Qxf6 Rcf8
28. Nf7 Qc6 29. h6 Qc4+ 30. Kg1 Rxf7 31. Qxf7+ Kxh6 32. Kf2 Qxd4+ 33. Kg3 Rg8+
34. Kh3 Qxa1 35. Qxe6+ Ng6 36. e5 Qh1+ 37. Kg3 Qh4# 0-1

[Event "Titled Tue 17th Jun Late"]
[Site "chess.com INT"]
[Date "2025.06.17"]
[Round "11"]
[White "Hansen, Eric"]
[Black "Tekeyev, Zaur"]
[Result "1-0"]
[WhiteTitle "GM"]
[BlackTitle "IM"]
[WhiteElo "2609"]
[BlackElo "2407"]
[WhiteFideId "2606771"]
[BlackFideId "4199731"]
[EventDate "2025.06.17"]

1. e4 c5 2. Nf3 Nc6 3. Bb5 g6 4. O-O Bg7 5. Bxc6 dxc6 6. d3 Qc7 7. a4 a5 8. Na3
Nf6 9. Be3 b6 10. Qc1 O-O 11. Bf4 Qd8 12. Bh6 Ne8 13. Nc4 f6 14. e5 Be6 15. Re1
Bd5 16. exf6 exf6 17. Bxg7 Nxg7 18. Nfd2 Ra7 19. Ne4 Rd7 20. h3 Nf5 21. Qf4 Nd4
22. Rac1 Ne6 23. Qg3 Bxc4 24. dxc4 f5 25. Nc3 f4 26. Qg4 Nd4 27. Ne4 f3 28. c3
Ne2+ 29. Rxe2 fxe2 30. Qxe2 Re7 31. f3 Qc7 32. Rd1 Qf4 33. Qd3 Re6 34. b3 Qe5
35. Qd7 Rf7 36. Qd8+ Re8 37. Qxb6 Qf4 38. Qxc5 Kg7 39. Nd6 Rd7 40. Nxe8+ 1-0

[Event "Titled Tue 17th Jun Late"]
[Site "chess.com INT"]
[Date "2025.06.17"]
[Round "11"]
[White "Haddouche, Mohamed"]
[Black "Noroozi, Omid"]
[Result "0-1"]
[WhiteTitle "GM"]
[BlackTitle "IM"]
[WhiteElo "2490"]
[BlackElo "2266"]
[WhiteFideId "7900660"]
[BlackFideId "12501190"]
[EventDate "2025.06.17"]

1. e4 c5 2. Nf3 d6 3. c3 Nf6 4. h3 g6 5. Bd3 Bg7 6. O-O O-O 7. Bc2 Nc6 8. d4
cxd4 9. cxd4 e5 10. d5 Ne7 11. a4 Bd7 12. Na3 Rc8 13. Be3 b6 14. Bd3 Ne8 15. a5
bxa5 16. Nc4 a4 17. Bxa7 Bb5 18. Ncxe5 Qa5 19. Bxb5 Qxb5 20. Nd3 Rc4 21. Re1 h6
22. Ra3 f5 23. Nd2 fxe4 24. Nxc4 Qxc4 25. Nc1 Qxd5 26. Rxa4 Nf6 27. Bd4 Qf5 28.
Bxf6 Rxf6 29. Raxe4 Qxf2+ 30. Kh1 Nf5 31. Re8+ Kh7 32. Qd5 Rf7 33. Kh2 Qf4+ 34.
Kh1 Ng3+ 35. Kg1 Bd4+ 0-1

[Event "Titled Tue 17th Jun Late"]
[Site "chess.com INT"]
[Date "2025.06.17"]
[Round "11"]
[White "Sarana, Alexey"]
[Black "Rustemov, Alexander"]
[Result "1/2-1/2"]
[WhiteTitle "GM"]
[BlackTitle "GM"]
[WhiteElo "2686"]
[BlackElo "2525"]
[WhiteFideId "24133795"]
[BlackFideId "4119002"]
[EventDate "2025.06.17"]

1. e4 e6 2. d4 d5 3. Nc3 Bb4 4. e5 c5 5. Qg4 Ne7 6. a3 Bxc3+ 7. bxc3 O-O 8. Nf3
Nbc6 9. Bd3 Qa5 10. Bd2 f5 11. exf6 Rxf6 12. Qh5 Nf5 13. g4 c4 14. gxf5 cxd3 15.
Rg1 Bd7 16. Qg5 Rf7 17. f6 Qd8 18. Ne5 Nxe5 19. dxe5 dxc2 20. Qh4 Qf8 21. Bh6
Qc5 22. Qb4 Qxb4 23. axb4 g6 24. Kd2 Bb5 25. Be3 a6 26. Kxc2 Be2 27. Kd2 Bh5 28.
b5 Rc7 29. Rgb1 Kf7 30. Bd4 g5 31. Ra5 Kg6 32. bxa6 bxa6 33. Rb6 Kf5 34. Rbxa6
Rb8 35. Rb6 Rcb7 36. Rxb7 Rxb7 37. Ra8 Ke4 38. Kc2 Bg6 39. Rg8 Kf3+ 40. Kd2 Rb2+
41. Kc1 Rb1+ 42. Kd2 Rb2+ 43. Kd1 Rb1+ 44. Kd2 Rb2+ 1/2-1/2